Memoria que previa autorización de la Junta General publica la Junta de Gobierno, en conmemoración del primer siglo de existencia de la sociedad / Sociedad de Seguros Mutuos contra Incendios de Barcelona
Descripción Física:
54 p. , [16] làm. ; 25 cm
MARC
| LEADER | 00000nam a2200000Ia 4500 | ||
|---|---|---|---|
| 001 | 919 | ||
| 008 | 160829s1935?] xx 000 0 cat d | ||
| 080 | |a C-2-56 | ||
| 100 | |a Sociedad de Seguros Mutuos contra Incendios (Barcelona) |9 23951 | ||
| 245 | |a Memoria que previa autorización de la Junta General publica la Junta de Gobierno, en conmemoración del primer siglo de existencia de la sociedad / Sociedad de Seguros Mutuos contra Incendios de Barcelona | ||
| 260 | |a [sl : |b sn, |c 1935?] | ||
| 300 | |a 54 p. , [16] làm. ; |c 25 cm | ||
| 590 | |a A la coberta: '1835 - 1935 : primer centenario de la Sociedad de Seguros Mutuos contra Incendios de Barcelona' | ||
| 650 | |a Sociedad de Seguros Mutuos contra Incendios (Barcelona) |x Memòries |9 23952 | ||
| 901 | |a Arxiu | ||
| 942 | |n 1 | ||
| 952 | |0 0 |1 0 |4 0 |6 C256 |7 1 |9 42925 |a Arxiu |b Arxiu |d 2016-12-01 |l 0 |o C-2-56 |p 919 |r 2016-12-01 00:00:00 |w 2016-12-01 |y ARXIU | ||
| 999 | |c 45431 |d 45431 | ||